Central Library OPAC University of Rajshahi

Pensions in the Middle East and North Africa : (Record no. 60374)

MARC details
000 -LEADER
fixed length control field 01138nam a2200313 a 4500
001 - CONTROL NUMBER
control field 60374
003 - CONTROL NUMBER IDENTIFIER
rucl marc code BD-RjUL
005 - DATE AND TIME OF LATEST TRANSACTION
control field 20211209080830.0
008 - FIXED-LENGTH DATA ELEMENTS--GENERAL INFORMATION
fixed length control field 161231s2005 dcua b i001 0 eng d
020 ## - INTERNATIONAL STANDARD BOOK NUMBER
International Standard Book Number 0821361856
035 ## - SYSTEM CONTROL NUMBER
System control number (BD-RjUL)60498
040 ## - CATALOGING SOURCE
Original cataloging agency DLC
Transcribing agency DLC
Modifying agency DLC
-- BD-RjUL
Language of cataloging eng
041 ## - LANGUAGE CODE
Language code of text/sound track or separate title eng
082 00 - DEWEY DECIMAL CLASSIFICATION NUMBER
Classification number 331.25220956
Edition number 23
Author mark and year ROP 2005
100 1# - MAIN ENTRY--PERSONAL NAME
Personal name Robalino, David A.
9 (RLIN) 179670
245 10 - TITLE STATEMENT
Title Pensions in the Middle East and North Africa :
Remainder of title time for change /
Statement of responsibility, etc. David A. Robalino with Edward Whitehouse ... [et al.].
260 ## - PUBLICATION, DISTRIBUTION, ETC. (IMPRINT)
Place of publication, distribution, etc. Washington, D.C. :
Name of publisher, distributor, etc. World Bank,
Date of publication, distribution, etc. c2005.
300 ## - PHYSICAL DESCRIPTION
Pagination xxviii, 253 p. :
Illustrations ill. ;
Size 26 cm.
490 1# - SERIES STATEMENT
Series statement Orientations in development series
504 ## - BIBLIOGRAPHY, ETC. NOTE
Bibliography, etc Includes bibliographical references (p. 225-231) and index.
650 #0 - SUBJECT ADDED ENTRY--TOPICAL TERM
Topical term or geographic name as entry element Pensions
Geographic subdivision Middle East
General subdivision Finance.
9 (RLIN) 179671
Topical term or geographic name as entry element Pensions
Geographic subdivision Africa, North
General subdivision Finance.
9 (RLIN) 179672
Topical term or geographic name as entry element Retirement income
Geographic subdivision Middle East.
9 (RLIN) 179673
Topical term or geographic name as entry element Retirement income
Geographic subdivision Africa, North.
9 (RLIN) 179674
700 1# - ADDED ENTRY--PERSONAL NAME
Personal name Whitehouse, Edward.
710 2# - ADDED ENTRY--CORPORATE NAME
Corporate name or jurisdiction name as entry element World Bank.
9 (RLIN) 171728
830 #0 - SERIES ADDED ENTRY--UNIFORM TITLE
Uniform title Orientations in development.
942 ## - ADDED ENTRY ELEMENTS (KOHA)
Source of classification or shelving scheme Dewey Decimal Classification
Koha item type Books
Holdings
Lost status Source of classification or shelving scheme Damaged status Not for loan Collection code Permanent Location Current Location Shelving location Date acquired Source of acquisition Total Checkouts Full call number Date last seen Copy number Koha item type
  Dewey Decimal Classification   Not For Loan Non-fiction Central Library, University of Rajshahi Central Library, University of Rajshahi Reading Room 21/04/2007 Japan , Embassy   331.25220956 ROP 2005 31/12/2016 C-1 Books